02067nam a22001817a 4500003001000000005001700010008004100027040001400068100004800082245010500130260003300235300001200268500015700280520115400437650001601591654001101607700026701618IT-MiCISF20231102140531.0231102b |||||||| |||| 00| 0 eng d cIT-MiCISF aSangalli Carlo, Trabucchi Marco (a cura di) aIpotesi per il futuro degli anziani.bTecnologie per l'autonomia, la salute e le connessioni sociali aBologna, bIl Mulino, c2021 app. 420 aanziani, nuovi-media, associazioni, società, cambiamento, etica, salute, sanità, politica-sanitaria, servizi-anziani, solitudine, lavoro, esperienze aLa pandemia da Covid-19 ha favorito il ricorso agli strumenti tecnologici e accelerato il processo di adeguamento al digitale, ma ha anche evidenziato criticità e sfide alle quali oggi dobbiamo prepararci a rispondere. Sembra necessario, allora, pensare agli anziani che, nel nostro Paese, risultano ancora i più colpiti dal digital divide. Quali sono le opportunità che il progresso tecnologico mette a disposizione della popolazione anziana? E come è possibile colmare le lacune formative che ancora oggi persistono, aiutando gli anziani a familiarizzare con l’universo digitale? Il volume fa il punto sull’impatto che le tecnologie avranno, nel prossimo futuro, in termini di inclusione e interazione sociale, mantenimento dell’autonomia e promozione della salute della popolazione senior. L’Associazione 50&Più dal 1974 opera per la rappresentanza e la tutela dei propri soci e per il riconoscimento degli over 50 come risorsa della società. La Fondazione Leonardo dal 1998 promuove il diffondersi di una cultura che valorizzi l’età anziana come ricchezza della persona e la persona anziana come risorsa della società.  aterza-età asaggio aAscani P., Diaspro A., Palazzani L., Nahon L., Russo L., Urru V.M., Gabbrielli F., aZanutto O., Garito E., Bakri J., Borin R., Gazzola M.B., Carlo S., Rolandi E.,aLucchi E., Piras E.M., Alessandrini G., Marcone V.M., De Felicis D.,, aSampaolo G., Melloni A.M.